Switch (Registro nro. 19579)

Detalles MARC
000 -LEADER
fixed length control field 00297 a2200121 4500
001 - CONTROL NUMBER
control field ART_17509
005 - DATE AND TIME OF LATEST TRANSACTION
control field 20260410161750.0
008 - FIXED-LENGTH DATA ELEMENTS--GENERAL INFORMATION
fixed length control field 260409a
100 1# - MAIN ENTRY--PERSONAL NAME
Personal name Heath, Chip
245 10 - TITLE STATEMENT
Title Switch
700 1# - ADDED ENTRY--PERSONAL NAME
Personal name Heath, Dan
773 0# - HOST ITEM ENTRY
Title Book Summary
Related parts - Nº 14 (ene. 2011)
Record control number REV4099

No hay ítems disponibles.